Sustainable agriculture: towards and evergreen revolution (Record no. 380313)

000 -LEADER
fixed length control field 00411cam a22001337a 4500
008 - FIXED-LENGTH DATA ELEMENTS--GENERAL INFORMATION
fixed length control field 180718b1996 xxu||||| |||| 00| 0 eng d
082 ## - DEWEY DECIMAL CLASSIFICATION NUMBER
Classification number Zx54 Sw22s
100 ## - MAIN ENTRY--PERSONAL NAME
Personal name Swaminathan, M.S.
245 ## - TITLE STATEMENT
Title Sustainable agriculture: towards and evergreen revolution
Statement of responsibility, etc. by M.S. Swaminathan
260 ## - PUBLICATION, DISTRIBUTION, ETC.
Place of publication, distribution, etc. New Delhi
Name of publisher, distributor, etc. Konark
Date of publication, distribution, etc. 1996
300 ## - PHYSICAL DESCRIPTION
Extent 219p.
650 ## - SUBJECT ADDED ENTRY--TOPICAL TERM
Topical term or geographic name entry element Food supply --India
650 ## - SUBJECT ADDED ENTRY--TOPICAL TERM
Topical term or geographic name entry element Sustainable agriculture --India
Holdings
Withdrawn status Lost status Damaged status Not for loan Permanent Location Current Location Date acquired Full call number Barcode Date last seen Price effective from Koha item type
        Indian Institute of Public Administration Indian Institute of Public Administration 1996-10-28 Zx54 Sw22s 71448 2018-07-21 2018-07-21 Book

Powered by Koha